Statistics for Biggest towns of West Lothian

Click here to take the quiz!

General Stats

  • This quiz has been taken 37 times
  • The average score is 7 of 10

Answer Stats

PopulationTown% Correct
57,360Livingston
100%
23,530Bathgate
88%
12,760Linlithgow
80%
15,970Broxburn
76%
5,720Blackburn
68%
11,900Whitburn
64%
12,690Armadale
60%
6,810East Calder
48%
4,900Fauldhouse
40%
3,880Winchburgh
36%

Score Distribution

Percentile by Number Answered

Percent of People with Each Score

Your Score History

You have not taken this quiz